[Event "2022 Welsh Championship"]
[Site "Cardiff"]
[Date "2022.04.15"]
[Round "2"]
[Board "10"]
[White "Mcgregor, John"]
[Black "Bennett, Patrick"]
[Result "0-1"]
[WhiteElo "1874"]
[BlackElo "1961"]
[PlyCount "0"]
[EventDate "2022.04.15"]
[EventRounds "7"]
[EventCountry "WLS"]

1. e4 {[%clk 01:30:47]} {[%emt 00:00:11]} c5 {[%clk 01:30:48]} {[%emt
00:00:12]} 2. Nc3 {[%clk 01:31:06]} {[%emt 00:00:11]} g6 {[%clk 01:30:26]}
{[%emt 00:00:53]} 3. d4 {[%clk 01:29:33]} {[%emt 00:02:02]} cxd4 {[%clk
01:26:12]} {[%emt 00:04:44]} 4. Qxd4 {[%clk 01:29:55]} {[%emt 00:00:08]} Nf6
{[%clk 01:26:25]} {[%emt 00:00:16]} 5. Be3 {[%clk 01:29:50]} {[%emt 00:00:34]}
Bg7 {[%clk 01:22:11]} {[%emt 00:04:46]} 6. f3 {[%clk 01:29:25]} {[%emt
00:00:53]} O-O {[%clk 01:20:45]} {[%emt 00:01:57]} 7. Qd2 {[%clk 01:29:31]}
{[%emt 00:00:24]} Nc6 {[%clk 01:17:52]} {[%emt 00:03:24]} 8. Nge2 {[%clk
01:29:24]} {[%emt 00:00:35]} Re8 {[%clk 01:14:14]} {[%emt 00:04:10]} 9. h4
{[%clk 01:27:56]} {[%emt 00:01:56]} d6 {[%clk 01:10:31]} {[%emt 00:04:14]} 10.
Nf4 {[%clk 01:23:18]} {[%emt 00:05:07]} Bd7 {[%clk 01:07:06]} {[%emt 00:03:56]}
11. h5 {[%clk 01:18:58]} {[%emt 00:04:50]} Ne5 {[%clk 01:05:46]} {[%emt
00:01:51]} 12. hxg6 {[%clk 01:18:50]} {[%emt 00:00:37]} hxg6 {[%clk 01:05:24]}
{[%emt 00:00:53]} 13. O-O-O {[%clk 01:12:54]} {[%emt 00:06:25]} Qa5 {[%clk
01:00:24]} {[%emt 00:05:30]} 14. Bd3 {[%clk 01:10:05]} {[%emt 00:03:19]} Rac8
{[%clk 00:59:28]} {[%emt 00:01:27]} 15. Kb1 {[%clk 01:09:57]} {[%emt 00:00:38]}
Bc6 {[%clk 00:51:04]} {[%emt 00:08:54]} 16. Nfe2 {[%clk 01:06:05]} {[%emt
00:04:20]} e6 {[%clk 00:46:26]} {[%emt 00:05:09]} 17. Bh6 {[%clk 01:05:57]}
{[%emt 00:00:37]} Bh8 {[%clk 00:46:37]} {[%emt 00:00:19]} 18. Bg5 {[%clk
01:04:21]} {[%emt 00:02:06]} Bg7 {[%clk 00:43:52]} {[%emt 00:03:16]} 19. Rh3
{[%clk 00:57:23]} {[%emt 00:07:27]} b5 {[%clk 00:40:25]} {[%emt 00:03:59]} 20.
Rdh1 {[%clk 00:55:51]} {[%emt 00:02:01]} b4 {[%clk 00:37:32]} {[%emt 00:03:24]}
21. Nd1 {[%clk 00:46:36]} {[%emt 00:09:43]} Ned7 {[%emt 00:06:36]} 22. Nf2
{[%clk 00:42:33]} {[%emt 00:00:03]} Qe5 {[%clk 00:31:06]} {[%emt 00:05:21]} 23.
f4 {[%clk 00:40:39]} {[%emt 00:02:24]} Qc5 {[%clk 00:28:50]} {[%emt 00:02:47]}
24. Ng1 {[%clk 00:36:11]} {[%emt 00:04:57]} Qd4 {[%clk 00:26:48]} {[%emt
00:02:32]} 25. c3 {[%clk 00:28:35]} {[%emt 00:08:06]} bxc3 {[%clk 00:26:58]}
{[%emt 00:00:20]} 26. bxc3 {[%clk 00:28:49]} {[%emt 00:00:15]} Rb8+ {[%clk
00:24:22]} {[%emt 00:03:07]} 27. Kc1 {[%clk 00:29:12]} {[%emt 00:00:08]} Qc5
{[%clk 00:24:17]} {[%emt 00:00:35]} 28. Nf3 {[%clk 00:24:31]} {[%emt 00:05:11]}
Qa3+ {[%clk 00:24:06]} {[%emt 00:00:41]} 29. Kd1 {[%clk 00:24:54]} {[%emt
00:00:05]} Rb2 {[%clk 00:23:12]} {[%emt 00:01:25]} 30. Bc2 {[%clk 00:21:05]}
{[%emt 00:04:19]} Nxe4 {[%clk 00:13:58]} {[%emt 00:09:44]} 31. Nxe4 {[%clk
00:18:00]} {[%emt 00:03:35]} Bxe4 {[%clk 00:14:21]} {[%emt 00:00:07]} 32. Rh8+
{[%clk 00:08:43]} {[%emt 00:09:47]} Bxh8 {[%clk 00:14:27]} {[%emt 00:00:24]} 33.
Rxh8+ {[%clk 00:09:09]} {[%emt 00:00:04]} Kxh8 {[%clk 00:14:34]} {[%emt
00:00:23]} 34. Qd4+ {[%clk 00:09:08]} {[%emt 00:00:31]} Kh7 {[%clk 00:12:19]}
{[%emt 00:02:46]} 35. Qxe4 {[%clk 00:09:27]} {[%emt 00:00:10]} Qxc3 {[%clk
00:11:40]} {[%emt 00:01:09]} 36. Nh4 {[%clk 00:06:36]} {[%emt 00:03:21]} Qxc2+
{[%clk 00:11:19]} {[%emt 00:00:52]} 37. Qxc2 {[%clk 00:06:45]} {[%emt
00:00:21]} Rxc2 {[%clk 00:11:43]} {[%emt 00:00:07]} 38. Kxc2 {[%clk 00:07:10]}
{[%emt 00:00:04]} f6 {[%emt 00:00:10]}  0-1

[Event "2022 Welsh Championship"]
[Site "Cardiff"]
[Date "2022.04.16"]
[Round "3"]
[Board "1"]
[White "Blackburn, Jonathan L B"]
[Black "Camacho Collados, Jose"]
[Result "1/2-1/2"]
[WhiteElo "2215"]
[BlackElo "2414"]
[PlyCount "0"]
[EventDate "2022.04.15"]
[EventRounds "7"]
[EventCountry "WLS"]

1. d4 {[%clk 01:30:58]} {[%emt 00:00:02]} b6 {[%clk 01:28:45]} {[%emt
00:02:16]} 2. c4 {[%clk 01:31:22]} {[%emt 00:00:05]} Bb7 {[%clk 01:28:53]}
{[%emt 00:00:22]} 3. Nc3 {[%clk 01:31:42]} {[%emt 00:00:11]} e6 {[%clk
01:29:15]} {[%emt 00:00:08]} 4. a3 {[%clk 01:29:12]} {[%emt 00:03:00]} Nf6
{[%clk 01:28:51]} {[%emt 00:00:53]} 5. d5 {[%clk 01:28:51]} {[%emt 00:00:51]}
Bd6 {[%clk 01:29:08]} {[%emt 00:00:13]} 6. Nf3 {[%clk 01:29:10]} {[%emt
00:00:12]} O-O {[%clk 01:29:24]} {[%emt 00:00:14]} 7. g3 {[%clk 01:28:46]}
{[%emt 00:00:54]} c6 {[%clk 01:29:41]} {[%emt 00:00:12]} 8. Bg2 {[%clk
01:28:27]} {[%emt 00:00:50]} cxd5 {[%clk 01:28:23]} {[%emt 00:01:48]} 9. cxd5
{[%clk 01:27:43]} {[%emt 00:01:13]} exd5 {[%clk 01:28:42]} {[%emt 00:00:11]} 10.
O-O {[%clk 01:26:27]} {[%emt 00:01:46]} Na6 {[%clk 01:28:49]} {[%emt 00:00:23]}
11. b4 {[%clk 01:17:59]} {[%emt 00:08:58]} Nc7 {[%clk 01:28:03]} {[%emt
00:01:15]} 12. Bb2 {[%clk 01:12:15]} {[%emt 00:06:14]} a5 {[%clk 01:24:52]}
{[%emt 00:03:41]} 13. bxa5 {[%clk 01:10:43]} {[%emt 00:02:03]} Rxa5 {[%clk
01:24:01]} {[%emt 00:01:20]} 14. Nd4 {[%clk 00:57:49]} {[%emt 00:13:24]} Re8
{[%clk 01:23:36]} {[%emt 00:00:55]} 15. a4 {[%clk 00:48:21]} {[%emt 00:09:59]}
Be5 {[%clk 01:18:19]} {[%emt 00:05:46]} 16. Nb3 {[%clk 00:44:51]} {[%emt
00:04:00]} Ra8 {[%clk 01:15:22]} {[%emt 00:03:27]} 17. f4 {[%clk 00:38:46]}
{[%emt 00:06:35]} Bxc3 {[%clk 01:14:39]} {[%emt 00:01:14]} 18. Bxc3 {[%clk
00:39:13]} {[%emt 00:00:03]} Qe7 {[%clk 00:56:29]} {[%emt 00:18:39]} 19. Bd4
{[%clk 00:38:31]} {[%emt 00:01:12]} Qxe2 {[%clk 00:42:39]} {[%emt 00:14:19]} 20.
Bxb6 {[%clk 00:36:04]} {[%emt 00:02:57]} Na6 {[%clk 00:42:40]} {[%emt
00:00:29]} 21. a5 {[%clk 00:31:47]} {[%emt 00:04:48]} h5 {[%clk 00:39:04]}
{[%emt 00:04:05]} 22. Qxe2 {[%clk 00:27:13]} {[%emt 00:05:04]} Rxe2 {[%clk
00:39:27]} {[%emt 00:00:07]} 23. Nd4 {[%clk 00:27:30]} {[%emt 00:00:14]} Rd2
{[%clk 00:36:31]} {[%emt 00:03:26]} 24. Rfd1 {[%clk 00:27:17]} {[%emt
00:00:43]} Rxd1+ {[%clk 00:30:18]} {[%emt 00:06:43]} 25. Rxd1 {[%clk 00:27:43]}
{[%emt 00:00:04]} Re8 {[%clk 00:23:00]} {[%emt 00:07:47]} 26. Nf5 {[%clk
00:26:11]} {[%emt 00:02:02]} Re6 {[%clk 00:22:50]} {[%emt 00:00:40]} 27. Nd4
{[%clk 00:24:01]} {[%emt 00:02:41]} Re8 {[%clk 00:23:18]} {[%emt 00:00:01]} 28.
Nf5 {[%clk 00:22:50]} {[%emt 00:01:40]} Re6 {[%clk 00:23:41]} {[%emt 00:00:07]}
29. Nd4 {[%clk 00:14:26]} {[%emt 00:08:54]} Re8 {[%clk 00:24:09]} {[%emt
00:00:02]}  1/2-1/2

[Event "2022 Welsh Championship"]
[Site "Cardiff"]
[Date "2022.04.16"]
[Round "3"]
[Board "2"]
[White "Bullen, Alex"]
[Black "Toczek, Grzegorz"]
[Result "1-0"]
[WhiteElo "2079"]
[BlackElo "2290"]
[PlyCount "0"]
[EventDate "2022.04.15"]
[EventRounds "7"]
[EventCountry "WLS"]

1. d4 {[%clk 01:30:57]} {[%emt 00:00:02]} d5 {[%clk 01:30:28]} {[%emt
00:00:33]} 2. Bf4 {[%clk 01:31:09]} {[%emt 00:00:18]} e6 {[%clk 01:30:14]}
{[%emt 00:00:43]} 3. e3 {[%clk 01:31:21]} {[%emt 00:00:18]} c5 {[%clk
01:30:16]} {[%emt 00:00:29]} 4. c3 {[%clk 01:31:40]} {[%emt 00:00:12]} Nc6
{[%clk 01:29:43]} {[%emt 00:01:02]} 5. Nd2 {[%clk 01:31:59]} {[%emt 00:00:11]}
Bd6 {[%clk 01:27:26]} {[%emt 00:02:48]} 6. Bg3 {[%clk 01:32:21]} {[%emt
00:00:08]} Nge7 {[%clk 01:24:16]} {[%emt 00:03:40]} 7. Bxd6 {[%clk 01:18:16]}
{[%emt 00:14:36]} Qxd6 {[%clk 01:24:44]} {[%emt 00:00:02]} 8. Ngf3 {[%clk
01:18:29]} {[%emt 00:00:16]} b6 {[%clk 01:18:53]} {[%emt 00:06:21]} 9. Bd3
{[%clk 01:14:15]} {[%emt 00:04:44]} Bb7 {[%clk 01:16:19]} {[%emt 00:03:04]} 10.
O-O {[%clk 01:11:35]} {[%emt 00:03:09]} O-O {[%clk 01:10:58]} {[%emt 00:05:51]}
11. Ng5 {[%clk 01:05:03]} {[%emt 00:07:01]} f5 {[%clk 01:11:20]} {[%emt
00:00:09]} 12. Qh5 {[%clk 01:02:31]} {[%emt 00:03:02]} h6 {[%clk 01:11:45]}
{[%emt 00:00:05]} 13. Nh3 {[%clk 01:01:28]} {[%emt 00:01:33]} e5 {[%clk
01:11:48]} {[%emt 00:00:28]} 14. dxe5 {[%clk 00:51:57]} {[%emt 00:10:01]} Nxe5
{[%clk 01:11:52]} {[%emt 00:00:25]} 15. Qe2 {[%clk 00:51:32]} {[%emt 00:00:55]}
Rae8 {[%clk 01:05:53]} {[%emt 00:06:29]} 16. f4 {[%clk 00:47:07]} {[%emt
00:04:55]} Nd7 {[%clk 01:01:06]} {[%emt 00:05:17]} 17. Rad1 {[%clk 00:43:59]}
{[%emt 00:03:39]} Qe6 {[%clk 00:57:22]} {[%emt 00:04:13]} 18. Nf3 {[%clk
00:40:35]} {[%emt 00:03:54]} Ng6 {[%clk 00:44:31]} {[%emt 00:13:21]} 19. Rfe1
{[%clk 00:37:29]} {[%emt 00:03:35]} Nf6 {[%clk 00:44:11]} {[%emt 00:00:51]} 20.
Nf2 {[%clk 00:36:12]} {[%emt 00:01:48]} Qc8 {[%clk 00:37:42]} {[%emt 00:06:58]}
21. Qc2 {[%clk 00:33:45]} {[%emt 00:02:57]} Ne4 {[%clk 00:38:09]} {[%emt
00:00:04]} 22. Bb5 {[%clk 00:28:27]} {[%emt 00:05:48]} Re7 {[%clk 00:38:27]}
{[%emt 00:00:12]} 23. Nxe4 {[%clk 00:28:04]} {[%emt 00:00:54]} fxe4 {[%clk
00:38:50]} {[%emt 00:00:07]} 24. Nd2 {[%clk 00:28:10]} {[%emt 00:00:23]} c4
{[%clk 00:37:17]} {[%emt 00:02:03]} 25. Ba4 {[%clk 00:25:17]} {[%emt 00:03:23]}
a6 {[%clk 00:33:25]} {[%emt 00:04:22]} 26. Qc1 {[%clk 00:25:23]} {[%emt
00:00:24]} Nh4 {[%clk 00:32:53]} {[%emt 00:01:03]} 27. Nf1 {[%clk 00:21:20]}
{[%emt 00:04:33]} g5 {[%clk 00:33:12]} {[%emt 00:00:10]} 28. fxg5 {[%clk
00:18:38]} {[%emt 00:03:13]} Qf5 {[%clk 00:23:09]} {[%emt 00:10:33]} 29. Re2
{[%clk 00:18:27]} {[%emt 00:00:41]} Qxg5 {[%clk 00:22:26]} {[%emt 00:01:14]} 30.
Ng3 {[%clk 00:17:53]} {[%emt 00:01:04]} Ng6 {[%clk 00:22:51]} {[%emt 00:00:04]}
31. Rf1 {[%clk 00:17:28]} {[%emt 00:00:55]} Ref7 {[%clk 00:22:44]} {[%emt
00:00:38]} 32. Rxf7 {[%clk 00:17:35]} {[%emt 00:00:22]} Kxf7 {[%clk 00:19:25]}
{[%emt 00:03:49]} 33. Rf2+ {[%clk 00:17:37]} {[%emt 00:00:28]} Ke7 {[%clk
00:19:44]} {[%emt 00:00:09]} 34. Rxf8 {[%clk 00:17:00]} {[%emt 00:01:08]} Nxf8
{[%clk 00:20:04]} {[%emt 00:00:11]} 35. Qd2 {[%clk 00:16:59]} {[%emt 00:00:30]}
Ng6 {[%clk 00:19:52]} {[%emt 00:00:42]} 36. Bd1 {[%clk 00:09:09]} {[%emt
00:08:21]} Qf6 {[%clk 00:10:38]} {[%emt 00:09:44]} 37. Bg4 {[%clk 00:07:22]}
{[%emt 00:02:16]} Ne5 {[%clk 00:10:59]} {[%emt 00:00:09]} 38. Bh3 {[%clk
00:03:42]} {[%emt 00:04:10]} Nd3 {[%clk 00:11:17]} {[%emt 00:00:14]} 39. Nf5+
{[%clk 00:03:33]} {[%emt 00:00:39]} Kd8 {[%clk 00:11:42]} {[%emt 00:00:04]} 40.
Nd4 {[%clk 00:03:11]} {[%emt 00:00:53]} Bc8 {[%clk 00:10:25]} {[%emt 00:01:47]}
41. Bxc8 {[%clk 00:03:31]} {[%emt 00:00:10]} Kxc8 {[%clk 00:10:55]} 42. Qe2
{[%clk 00:02:25]} {[%emt 00:01:35]} Kc7 {[%clk 00:08:43]} {[%emt 00:02:43]} 43.
h3 {[%clk 00:01:57]} {[%emt 00:00:57]} b5 {[%clk 00:06:55]} {[%emt 00:02:18]}
44. Qh5 {[%clk 00:29:57]} {[%emt 00:02:30]} Qf2+ {[%clk 00:32:58]} {[%emt
00:04:27]} 45. Kh2 {[%clk 00:30:24]} {[%emt 00:00:02]} Qxe3 {[%clk 00:27:47]}
{[%emt 00:05:42]} 46. Qf7+ {[%clk 00:29:51]} {[%emt 00:01:03]} Kc8 {[%clk
00:26:01]} {[%emt 00:02:16]} 47. Qe8+ {[%clk 00:28:57]} {[%emt 00:01:23]} Kc7
{[%clk 00:26:26]} {[%emt 00:00:06]} 48. Qe7+ {[%clk 00:28:50]} {[%emt
00:00:37]} Kc8 {[%clk 00:26:51]} {[%emt 00:00:05]} 49. Qe8+ {[%clk 00:23:46]}
{[%emt 00:05:34]} Kc7 {[%clk 00:27:16]} {[%emt 00:00:04]} 50. Qc6+ {[%clk
00:23:28]} {[%emt 00:00:47]} Kd8 {[%clk 00:27:26]} {[%emt 00:00:21]} 51. Qxd5+
{[%clk 00:23:04]} {[%emt 00:00:54]} Ke8 {[%clk 00:27:53]} {[%emt 00:00:04]} 52.
Qa8+ {[%clk 00:21:58]} {[%emt 00:01:35]} Kf7 {[%clk 00:28:11]} {[%emt
00:00:12]} 53. Qb7+ {[%clk 00:21:50]} {[%emt 00:00:38]} Kg8 {[%clk 00:28:21]}
{[%emt 00:00:19]} 54. Ne6 {[%clk 00:21:54]} {[%emt 00:00:26]}  1-0

[Event "2022 Welsh Championship"]
[Site "Cardiff"]
[Date "2022.04.16"]
[Round "3"]
[Board "3"]
[White "Zeidler, Sven P."]
[Black "Kozusek, Daniel"]
[Result "0-1"]
[WhiteElo "2157"]
[BlackElo "2315"]
[PlyCount "0"]
[EventDate "2022.04.15"]
[EventRounds "7"]
[EventCountry "WLS"]

1. e4 {[%clk 01:30:57]} {[%emt 00:00:02]} c5 {[%clk 01:27:42]} {[%emt
00:03:19]} 2. Nc3 {[%clk 01:31:20]} {[%emt 00:00:07]} e6 {[%clk 01:28:09]}
{[%emt 00:00:04]} 3. f4 {[%clk 01:31:44]} {[%emt 00:00:05]} Nc6 {[%clk
01:28:34]} {[%emt 00:00:06]} 4. Nf3 {[%clk 01:32:07]} {[%emt 00:00:06]} Nge7
{[%clk 01:29:01]} {[%emt 00:00:03]} 5. d4 {[%clk 01:32:25]} {[%emt 00:00:12]}
cxd4 {[%clk 01:29:27]} {[%emt 00:00:04]} 6. Nxd4 {[%clk 01:32:50]} {[%emt
00:00:04]} Nxd4 {[%clk 01:29:54]} {[%emt 00:00:03]} 7. Qxd4 {[%clk 01:33:14]}
{[%emt 00:00:06]} Nc6 {[%clk 01:30:23]} {[%emt 00:00:02]} 8. Qf2 {[%clk
01:33:15]} {[%emt 00:00:28]} d5 {[%clk 01:30:49]} {[%emt 00:00:04]} 9. Bd3
{[%clk 01:25:18]} {[%emt 00:08:27]} d4 {[%clk 01:31:15]} {[%emt 00:00:04]} 10.
Nd1 {[%clk 01:23:20]} {[%emt 00:02:27]} Nb4 {[%clk 01:29:24]} {[%emt 00:02:21]}
11. O-O {[%clk 01:22:31]} {[%emt 00:01:20]} Nxd3 {[%clk 01:25:41]} {[%emt
00:04:12]} 12. cxd3 {[%clk 01:22:58]} {[%emt 00:00:03]} Bc5 {[%clk 01:25:39]}
{[%emt 00:00:32]} 13. Qg3 {[%clk 01:22:00]} {[%emt 00:01:29]} O-O {[%clk
01:17:45]} {[%emt 00:08:24]} 14. f5 {[%clk 01:18:57]} {[%emt 00:03:33]} exf5
{[%clk 01:17:38]} {[%emt 00:00:37]} 15. Bh6 {[%clk 01:14:27]} {[%emt 00:04:59]}
Qf6 {[%clk 01:14:38]} {[%emt 00:03:31]} 16. Bg5 {[%clk 01:14:48]} {[%emt
00:00:09]} Qg6 {[%clk 01:09:35]} {[%emt 00:05:33]} 17. exf5 {[%clk 00:58:32]}
{[%emt 00:16:47]} Bxf5 {[%clk 01:09:57]} {[%emt 00:00:07]} 18. Qe5 {[%clk
00:58:47]} {[%emt 00:00:15]} Bxd3 {[%clk 01:08:49]} {[%emt 00:01:38]} 19. Rf3
{[%clk 00:59:04]} {[%emt 00:00:14]} Be4 {[%clk 00:55:17]} {[%emt 00:14:02]} 20.
Rb3 {[%clk 00:57:56]} {[%emt 00:01:38]} Bd6 {[%clk 00:53:39]} {[%emt 00:02:08]}
21. Qxd4 {[%clk 00:58:02]} {[%emt 00:00:24]} Qxg5 {[%clk 00:53:31]} {[%emt
00:00:38]} 22. Qxe4 {[%clk 00:58:14]} {[%emt 00:00:18]} Rae8 {[%clk 00:53:39]}
{[%emt 00:00:22]} 23. Qc4 {[%clk 00:56:06]} {[%emt 00:02:39]} Re1+ {[%clk
00:52:04]} {[%emt 00:02:04]} 24. Kf2 {[%clk 00:56:31]} {[%emt 00:00:05]} Qd2+
{[%clk 00:52:15]} {[%emt 00:00:18]}  0-1

[Event "2022 Welsh Championship"]
[Site "Cardiff"]
[Date "2022.04.16"]
[Round "3"]
[Board "4"]
[White "Everett, Elijah"]
[Black "Bennett, Patrick"]
[Result "1-0"]
[WhiteElo "2217"]
[BlackElo "1961"]
[PlyCount "0"]
[EventDate "2022.04.15"]
[EventRounds "7"]
[EventCountry "WLS"]

1. e4 {[%clk 01:30:57]} {[%emt 00:00:01]} g6 {[%clk 01:30:48]} {[%emt
00:00:13]} 2. d4 {[%clk 01:31:16]} {[%emt 00:00:10]} Bg7 {[%clk 01:31:12]}
{[%emt 00:00:06]} 3. Nc3 {[%clk 01:31:35]} {[%emt 00:00:11]} d6 {[%clk
01:31:24]} {[%emt 00:00:19]} 4. f4 {[%clk 01:31:52]} {[%emt 00:00:12]} a6
{[%clk 01:31:35]} {[%emt 00:00:19]} 5. Nf3 {[%clk 01:32:02]} {[%emt 00:00:20]}
Nd7 {[%clk 01:31:28]} {[%emt 00:00:39]} 6. e5 {[%clk 01:28:04]} {[%emt
00:04:27]} b5 {[%clk 01:25:53]} {[%emt 00:06:06]} 7. Bd3 {[%clk 01:27:09]}
{[%emt 00:01:22]} c5 {[%clk 01:25:53]} {[%emt 00:00:31]} 8. Be4 {[%clk
01:24:17]} {[%emt 00:03:22]} Rb8 {[%clk 01:24:36]} {[%emt 00:01:48]} 9. Qe2
{[%clk 01:19:24]} {[%emt 00:05:22]} b4 {[%clk 00:58:09]} {[%emt 00:26:58]} 10.
Na4 {[%clk 01:13:29]} {[%emt 00:06:23]} Qc7 {[%clk 00:56:55]} {[%emt 00:01:46]}
11. Be3 {[%clk 01:09:31]} {[%emt 00:04:28]} cxd4 {[%clk 00:49:38]} {[%emt
00:07:47]} 12. Bxd4 {[%clk 01:08:21]} {[%emt 00:01:40]} dxe5 {[%clk 00:49:13]}
{[%emt 00:00:56]} 13. fxe5 {[%clk 01:08:35]} {[%emt 00:00:16]} e6 {[%clk
00:46:15]} {[%emt 00:03:29]} 14. O-O-O {[%clk 01:01:59]} {[%emt 00:07:02]} Ne7
{[%clk 00:45:59]} {[%emt 00:00:50]} 15. b3 {[%clk 00:50:00]} {[%emt 00:12:28]}
O-O {[%clk 00:36:13]} {[%emt 00:10:16]} 16. h4 {[%clk 00:41:47]} {[%emt
00:08:42]} Nxe5 {[%clk 00:30:28]} {[%emt 00:06:17]} 17. Bc5 {[%clk 00:36:25]}
{[%emt 00:05:50]} Rb5 {[%clk 00:23:40]} {[%emt 00:07:19]} 18. Bd6 {[%clk
00:32:10]} {[%emt 00:04:44]} Qa7 {[%clk 00:23:31]} {[%emt 00:00:40]} 19. Nd4
{[%clk 00:31:14]} {[%emt 00:01:25]} Re8 {[%clk 00:10:13]} {[%emt 00:13:50]} 20.
Nxb5 {[%clk 00:24:19]} {[%emt 00:07:26]} axb5 {[%clk 00:10:36]} {[%emt
00:00:07]} 21. Qxb5 {[%clk 00:24:18]} {[%emt 00:00:30]} Qe3+ {[%clk 00:10:47]}
{[%emt 00:00:19]} 22. Kb1 {[%clk 00:21:39]} {[%emt 00:03:09]} Bd7 {[%clk
00:11:10]} {[%emt 00:00:08]} 23. Qxb4 {[%clk 00:21:03]} {[%emt 00:01:06]} N7c6
{[%clk 00:10:56]} {[%emt 00:00:43]} 24. Qe1 {[%clk 00:19:51]} {[%emt 00:01:40]}
Qa7 {[%clk 00:07:52]} {[%emt 00:03:36]} 25. Qg1 {[%clk 00:16:08]} {[%emt
00:04:11]} f5 {[%clk 00:07:19]} {[%emt 00:01:05]} 26. Qxa7 {[%clk 00:16:01]}
{[%emt 00:00:37]} Nxa7 {[%clk 00:07:42]} {[%emt 00:00:08]} 27. Bxe5 {[%clk
00:15:57]} {[%emt 00:00:34]}  1-0

[Event "2022 Welsh Championship"]
[Site "Cardiff"]
[Date "2022.04.16"]
[Round "3"]
[Board "5"]
[White "Fathallah, Joe"]
[Black "Brown, Thomas"]
[Result "1/2-1/2"]
[WhiteElo "1869"]
[BlackElo "2173"]
[PlyCount "0"]
[EventDate "2022.04.15"]
[EventRounds "7"]
[EventCountry "WLS"]

1. d4 {[%clk 01:30:57]} {[%emt 00:00:02]} Nf6 {[%clk 01:30:53]} {[%emt
00:00:07]} 2. c4 {[%clk 01:31:20]} {[%emt 00:00:08]} g6 {[%clk 01:31:17]}
{[%emt 00:00:05]} 3. Nc3 {[%clk 01:31:43]} {[%emt 00:00:07]} Bg7 {[%clk
01:31:41]} {[%emt 00:00:05]} 4. e4 {[%clk 01:32:03]} {[%emt 00:00:10]} d6
{[%clk 01:32:06]} {[%emt 00:00:05]} 5. f3 {[%clk 01:32:27]} {[%emt 00:00:06]}
O-O {[%clk 01:32:28]} {[%emt 00:00:07]} 6. Be3 {[%clk 01:32:53]} {[%emt
00:00:05]} Nc6 {[%clk 01:32:35]} {[%emt 00:00:23]} 7. Nge2 {[%clk 01:32:41]}
{[%emt 00:00:41]} a6 {[%clk 01:32:43]} {[%emt 00:00:23]} 8. Qd2 {[%clk
01:32:46]} {[%emt 00:00:25]} Na5 {[%clk 01:33:04]} {[%emt 00:00:09]} 9. Nc1
{[%clk 01:28:55]} {[%emt 00:04:22]} Nd7 {[%clk 01:30:48]} {[%emt 00:02:46]} 10.
Be2 {[%clk 01:24:41]} {[%emt 00:04:44]} c5 {[%clk 01:28:44]} {[%emt 00:02:34]}
11. O-O {[%clk 01:20:24]} {[%emt 00:04:47]} cxd4 {[%clk 01:28:53]} {[%emt
00:00:22]} 12. Bxd4 {[%clk 01:20:43]} {[%emt 00:00:10]} Ne5 {[%clk 01:29:14]}
{[%emt 00:00:08]} 13. b3 {[%clk 01:18:45]} {[%emt 00:02:28]} Nac6 {[%clk
01:28:38]} {[%emt 00:01:07]} 14. Bf2 {[%clk 01:11:26]} {[%emt 00:07:49]} Qa5
{[%clk 01:27:21]} {[%emt 00:01:47]} 15. Be1 {[%clk 01:11:14]} {[%emt 00:00:42]}
Rb8 {[%clk 01:20:28]} {[%emt 00:07:24]} 16. Rb1 {[%clk 01:09:36]} {[%emt
00:02:08]} Nd4 {[%clk 01:06:10]} {[%emt 00:14:48]} 17. Nd5 {[%clk 01:05:11]}
{[%emt 00:04:55]} Qd8 {[%clk 01:04:09]} {[%emt 00:02:30]} 18. Bf2 {[%clk
01:03:49]} {[%emt 00:01:52]} Nec6 {[%clk 01:02:37]} {[%emt 00:02:03]} 19. Rd1
{[%clk 01:01:08]} {[%emt 00:03:10]} e6 {[%clk 01:01:43]} {[%emt 00:01:25]} 20.
Ne3 {[%clk 00:58:43]} {[%emt 00:02:55]} b5 {[%clk 00:59:51]} {[%emt 00:02:21]}
21. cxb5 {[%clk 00:55:19]} {[%emt 00:03:55]} axb5 {[%clk 00:59:45]} {[%emt
00:00:36]} 22. Nc2 {[%clk 00:53:37]} {[%emt 00:02:11]} e5 {[%clk 00:54:02]}
{[%emt 00:06:13]} 23. Nxd4 {[%clk 00:48:36]} {[%emt 00:05:31]} Nxd4 {[%clk
00:54:26]} {[%emt 00:00:06]} 24. Bd3 {[%clk 00:47:36]} {[%emt 00:01:30]} f5
{[%clk 00:30:23]} {[%emt 00:24:33]} 25. Ne2 {[%clk 00:45:41]} {[%emt 00:02:24]}
Nxe2+ {[%clk 00:30:29]} {[%emt 00:00:24]} 26. Bxe2 {[%clk 00:44:48]} {[%emt
00:01:22]} fxe4 {[%clk 00:30:49]} {[%emt 00:00:12]} 27. fxe4 {[%clk 00:38:25]}
{[%emt 00:06:54]} Bb7 {[%clk 00:24:01]} {[%emt 00:07:17]} 28. Bxb5 {[%clk
00:30:50]} {[%emt 00:08:05]} Bxe4 {[%clk 00:23:54]} {[%emt 00:00:37]} 29. Bc4+
{[%clk 00:31:10]} {[%emt 00:00:11]} Kh8 {[%clk 00:23:27]} {[%emt 00:00:57]} 30.
Rbc1 {[%clk 00:30:01]} {[%emt 00:01:39]} Qf6 {[%clk 00:22:38]} {[%emt
00:01:20]} 31. Be3 {[%clk 00:28:34]} {[%emt 00:01:57]} Qh4 {[%clk 00:18:12]}
{[%emt 00:04:56]} 32. Bd5 {[%clk 00:26:52]} {[%emt 00:02:12]} Rb5 {[%clk
00:12:40]} {[%emt 00:06:02]} 33. Bc4 {[%clk 00:16:26]} {[%emt 00:10:56]} Rbb8
{[%clk 00:10:34]} {[%emt 00:02:36]} 34. Bd5 {[%clk 00:13:57]} {[%emt 00:03:00]}
 1/2-1/2